[Event "CUB-ch (Women)"]
[Site "Caibarien"]
[Date "2002.??.??"]
[Round "1"]
[White "Hernandez Alvarez, Tania Regla"]
[Black "Moreno, Nallibys"]
[Result "1-0"]
[WhiteElo "2174"]
[BlackElo "2123"]
[PlyCount "91"]
[EventDate "2002.03.29"]
[EventType "swiss"]
[EventRounds "6"]
[EventCountry "CUB"]
[SourceTitle "EXT 2003"]
[Source "ChessBase"]
[SourceDate "2002.11.25"]
[SourceVersion "1"]
[SourceVersionDate "2002.11.25"]
[SourceQuality "1"]

1. e4 c5 2. d4 cxd4 3. c3 dxc3 4. Nxc3 d6 5. Nf3 Nc6 6. Bc4 e6 7. 0-0 Be7 8. Qe2 a6 9. Rd1 Nf6 10. e5 Nd7 11. exd6 Bf6 12. Nd5 0-0 13. Nxf6+ Qxf6 14. Bg5 Qg6 15. Bd3 f5 16. Bc4 Re8 17. Rac1 Kh8 18. Qe3 Nf8 19. Be7 Bd7 20. Bxf8 Rxf8 21. Qb6 Rab8 22. Qc7 Rfd8 23. Bb3 Qf6 24. Rc2 e5 25. Qb6 g5 26. Rcd2 g4 27. Ne1 Nd4 28. Nd3 Nxb3 29. axb3 f4 30. Re1 Re8 31. Rde2 Bb5 32. Rxe5 Rxe5 33. Nxe5 Re8 34. Qd4 Kg8 35. d7 Bxd7 36. Qxd7 Rxe5 37. Qxg4+ Kf7 38. Qd7+ Kg6 39. Rd1 Re7 40. Qd3+ Kg7 41. Qf3 Qe5 42. Qg4+ Kf7 43. h3 Qe4 44. Rd8 Qe1+ 45. Kh2 Qxf2 46. Qf5+ 1-0

[Event "CUB-ch (Women)"]
[Site "Caibarien"]
[Date "2002.??.??"]
[Round "2"]
[White "Moreno, Nallibys"]
[Black "Arribas Robaina, Maritza"]
[Result "1/2-1/2"]
[WhiteElo "2123"]
[BlackElo "2291"]
[PlyCount "88"]
[EventDate "2002.03.29"]
[EventType "swiss"]
[EventRounds "6"]
[EventCountry "CUB"]
[SourceTitle "EXT 2003"]
[Source "ChessBase"]
[SourceDate "2002.11.25"]
[SourceVersion "1"]
[SourceVersionDate "2002.11.25"]
[SourceQuality "1"]

1. e4 d6 2. d4 Nd7 3. Nf3 e5 4. Bc4 c6 5. Nc3 Be7 6. a4 Ngf6 7. 0-0 0-0 8. dxe5 dxe5 9. Qe2 Qc7 10. h3 Nc5 11. Bg5 Ne6 12. Be3 Nh5 13. Qd2 Nef4 14. Ne2 Be6 15. Qc3 Bf6 16. Nxf4 Nxf4 17. Rfd1 Rfe8 18. Bf1 h6 19. Rd2 Ng6 20. Rad1 Be7 21. Bc5 Bxc5 22. Qxc5 Qb6 23. Qc3 a5 24. Ne1 Red8 25. Rxd8+ Rxd8 26. Rxd8+ Qxd8 27. Nd3 Qc7 28. Nc5 Bc8 29. g3 b6 30. Nb3 Nf8 31. Nd2 c5 32. Nc4 Nd7 33. Ne3 Bb7 34. Bg2 Bc6 35. Qc4 g6 36. b3 Kg7 37. Nd1 Qd6 38. Nc3 Qd4 39. Bf3 f5 40. Qe6 Qxc3 41. Qxc6 Nf6 42. Qe6 Nxe4 43. Qe7+ Kg8 44. Qe8+ Kg7 1/2-1/2

[Event "CUB-ch (Women)"]
[Site "Caibarien"]
[Date "2002.??.??"]
[Round "5"]
[White "Ulloa, Yoriley"]
[Black "Moreno, Nallibys"]
[Result "1-0"]
[WhiteElo "2117"]
[BlackElo "2123"]
[PlyCount "75"]
[EventDate "2002.03.29"]
[EventType "swiss"]
[EventRounds "6"]
[EventCountry "CUB"]
[SourceTitle "EXT 2003"]
[Source "ChessBase"]
[SourceDate "2002.11.25"]
[SourceVersion "1"]
[SourceVersionDate "2002.11.25"]
[SourceQuality "1"]

1. e4 c5 2. Nf3 d6 3. c3 Nf6 4. Be2 Nc6 5. d4 Bg4 6. 0-0 e6 7. d5 Bxf3 8. Bxf3 exd5 9. exd5 Ne5 10. Re1 Be7 11. Be2 0-0 12. Be3 a6 13. c4 Qd7 14. Nc3 Nfg4 15. Bf4 Qf5 16. Bg3 h5 17. h3 Nh6 18. Bxe5 dxe5 19. Bd3 Qf4 20. Re4 Qg5 21. h4 Qf6 22. Qxh5 Rfe8 23. Rg4 Kf8 24. Ne4 Qf5 25. Qxf5 Nxf5 26. Nxc5 Nxh4 27. Nd7+ Kg8 28. d6 Bd8 29. g3 f5 30. Rxh4 Bxh4 31. gxh4 e4 32. Bc2 Rad8 33. Ba4 Re6 34. c5 Rh6 35. Ne5 Rxh4 36. Bb3+ Kh7 37. Nf7 Rd7 38. Be6 1-0